000
00313nam a22001337a 4500
008
220209b ||||| |||| 00| 0 eng d
020
_a
9780834125230
050
_a
248.843
_b
1
100
_a
Flaaten Rosemary
_9
7538
245
_a
A Women and Her Workplace
260
_a
USA
300
_a
190.P
942
_2
ddc
_c
BK
999
_c
11975
_d
11975